Infine Vivere Poesie

Uloženo v:
Podrobná bibliografie
Hlavní autor: Luciano Budigna
Médium: Kniha
Jazyk:neznámý jazyk
Vydáno: Rusconi Editore
Tagy: Přidat tag
Žádné tagy, Buďte první, kdo vytvoří štítek k tomuto záznamu!

MARC

LEADER 00000nam a2200000Ia 4500
001 R-153
003 CODICE-MESSINA
005 20260212102447.0
008 260211s9999 xx 000 0 und d
040 |c importazione_messina 
100 |a Luciano Budigna 
245 0 |a Infine Vivere 
245 0 |b Poesie 
260 |b Rusconi Editore 
942 |2 ddc  |c BK 
952 |0 0  |1 0  |2 ddc  |4 0  |6 SCAFFALE_2_000000000000000__ARTE  |7 0  |9 30974  |a ME  |b ME  |d 2026-02-11  |l 0  |o SCAFFALE 2 - ARTE  |p R-153  |r 2026-02-11 23:52:15  |w 2026-02-11  |x [REVISIONARE]  |y BK 
999 |c 26636  |d 26636